Geology and mineral resources of the Lake Chini-Sungei Bera-Sungei Jeram area of south-central Pahang

Bibliographic Details
Main Author: MACDONALD (Simon)
Format: Book
Published: Kuala Lumpur : Ministry of Lands and Mines, Malaysia , [1972]
Series:Geological Survey of Malaysia. Map bulletin 1
Subjects:

MARC

LEADER 00000cam a2200000 7i4500
001 0000002762
005 20040107.0
090 0 0 |a R555.951123   |b MACD 1972 
100 1 0 |a MACDONALD   |h S. ,   |d (Simon) 
245 1 0 |a Geology and mineral resources of the Lake Chini-Sungei Bera-Sungei Jeram area of south-central Pahang   |c by S. MacDonald. With section on "Sedimentary rocks"   |c prepared by D. Santokh Singh, and that on "Structure"   |c by J. H. Bean 
260 0 0 |a Kuala Lumpur :   |b Ministry of Lands and Mines, Malaysia ,   |c [1972] 
300 |a 43, [2] p. ill., maps (2 fold. col. in pocket) ;   |c 25 cm. 
440 0 0 |a Geological Survey of Malaysia. Map bulletin 1 
500 0 0 |a Bibliography : p. [45] 
650 0 0 |a Geology   |z Malaysia   |z Pahang 
650 0 0 |a Mines and mineral resources   |z Malaysia   |z Pahang 
998 |a JPSM 
999 |a 0000004397   |b Monograph   |c Reference   |e Default branch